Wiedźmin 3:jaka to lokalizacja Velen - Statystyki

Ogólne statystyki
  • Ten quiz został rozwiązany 62 razy
  • Średni wynik to 3 z 12
Statystyki odpowiedzi
Obrazkowy Odpowiedź % Poprawnych
Kasztel Wrońce
95%
Diabli Dół
47%
Novigrad
42%
Wieś Podgaje
24%
Latarnia Morska
18%
Rezydencja Vegelbudów
16%
Folwark Reardonów
11%
Chata Zielarza
9%
Dom Gościnny
5%
Karczma na Roztajach
5%
Wieś Bronovitz
5%
Górny Młyn
2%
Nie znaleziono quizów pasujących do podanych kryteriów
Rozkład punktacji
Procent ludzi z każdym wynikiem
Percentyl według liczby udzielonych odpowiedzi
Twoja historia wyników
Nie rozwiązałeś tego quizu